Home Print Resources E-Books E-Journals IIMT Lecture Series Library Membership Form Book Recommendation Form Campus Tour Take AdmissionAbout Us Contact Us

PARLOK AUR PUNARJANAM KI SATYA GHATNAYE (Record no. 58062)

000 -LEADER
fixed length control field 00371nam a22001457a 4500
003 - CONTROL NUMBER IDENTIFIER
control field OSt
005 - DATE AND TIME OF LATEST TRANSACTION
control field 20240202115929.0
008 - FIXED-LENGTH DATA ELEMENTS--GENERAL INFORMATION
fixed length control field 240202b |||||||| |||| 00| 0 eng d
040 ## - CATALOGING SOURCE
Transcribing agency IIMT UNIVERSITY
100 ## - MAIN ENTRY--PERSONAL NAME
Personal name PILKHUWA, RAMSHARANDAS
245 ## - TITLE STATEMENT
Title PARLOK AUR PUNARJANAM KI SATYA GHATNAYE
260 ## - PUBLICATION, DISTRIBUTION, ETC.
Place of publication, distribution, etc. GORAKHPUR
Name of publisher, distributor, etc. GEETA PRESS
Date of publication, distribution, etc. S.2059
300 ## - PHYSICAL DESCRIPTION
Extent 152
942 ## - ADDED ENTRY ELEMENTS (KOHA)
Source of classification or shelving scheme
Koha item type Specimen
Holdings
Withdrawn status Lost status Source of classification or shelving scheme Damaged status Not for loan Home library Current library Date acquired Source of acquisition Cost, normal purchase price Inventory number Barcode Date last seen Price effective from Koha item type
          IIMT University Central Library Meerut IIMT University Central Library Meerut 02/02/2024 CHAIMEN SIR 10.00 DONATED 28-S-3794 02/02/2024 02/02/2024 Religious Book
IIMT, Central Library. All Rights Reserved IIMT,UNIVERSITY © 2023
Implemented and Customised by I CLOUDE EMS
You Are OPAC Visitor No
free web counter

Powered by Koha